| 000 | 00825nam a2200253 i 4500 | ||
|---|---|---|---|
| 999 |
_c200448037 _d66249 |
||
| 003 | TR-AnTOB | ||
| 005 | 20220314095315.0 | ||
| 007 | ta | ||
| 008 | 220314b a|||| ||| 000 0 tur d | ||
| 040 |
_aTR-AnTOB _beng _erda _cTR-AnTOB |
||
| 041 | 0 | _atur | |
| 050 | 1 | 4 |
_aDS610.45 _b.K83 [2020] |
| 090 |
_aDS610.45 _b.K83 [2020] |
||
| 245 | 0 | 0 |
_aKüçük kırmızı nokta: _bSingapur dış politikası üzerine söylevler / _cSingapur Büyükelçiliği Ankara. |
| 264 | 1 |
_a[Ankara]: _bSingapur Büyükelçiliği, _c[2020]. |
|
| 300 |
_a100 pages : _billustrations ; _c23 cm |
||
| 336 |
_2rdacontent _atext _btxt |
||
| 337 |
_2rdamedia _aunmediated _bn |
||
| 338 |
_2rdacarrier _avolume _bnc |
||
| 653 | _aSingapore--Foreign relations | ||
| 653 | _aSingapur -- Dış ilişkiler | ||
| 942 |
_2lcc _cBK |
||